Prime Ministers of India - Statistics

General Stats
  • This quiz has been taken 50 times
  • The average score is 9 of 13
Answer Stats
Hint Answer % Correct
1966-19771980-1984 Indira Gandhi
97%
1947-1964 Jawaharlal Nehru
97%
2014-present Narendra Modi
97%
2004-2014 Manmohan Singh
95%
1984-1989 Rajiv Gandhi
92%
1996,1998-2004 Atal Bihari Vajpayee
74%
1979-1980 Charan Singh
74%
1989-1990 Vishwanath Pratap Singh
66%
1964-1966 Lal Bahadur Shastri
61%
1991-1996 P. V. Narasimha Rao
47%
1977-1979 Morarji Desai
39%
19641966 Gulzarilal Nanda
32%
1990-1991 Chandra Shekhar
29%
No matching quizzes found
Score Distribution
Percent of People with Each Score
Percentile by Number Answered
Your Score History
You have not taken this quiz